000
00321nam a22001337a 4500
008
170407b xxu||||| |||| 00| 0 eng d
020
_a
0387964525
041
_a
eng
080
_2
3RD
_a
616
100
_a
9
101
_a
SHM
245
_a
BLAUSTEIN'S PATHOLOGY OF THE FEMALE GENITAL TRACT
_c
KURMAN, R.J
942
_2
udc
_c
BK
999
_c
10242
_d
10242